| 000 | 00540nam a2200205Ia 4500 | ||
|---|---|---|---|
| 003 | OSt | ||
| 005 | 20260421120059.0 | ||
| 008 | 160316s1989 xxu||||| |||| 00| 0 eng d | ||
| 020 | _a0803996012 | ||
| 040 | _c. | ||
| 082 | _a320.954 WEI | ||
| 100 | _aWeiner Myron | ||
| 245 |
_aThe Indian paradox : Essays in Indian politics/ _b Myron Weiner |
||
| 260 |
_aNew Delhi : _bSage Publications, _c1989, |
||
| 300 | _a336p | ||
| 365 | _bRs.375 | ||
| 650 | _aPolitics Science - Government - India - 1947 | ||
| 700 |
_a _a |
||
| 942 |
_2ddc _cBK |
||
| 999 |
_c10838 _d10838 |
||